| 000 | 01499cam a22003614a 4500 | ||
|---|---|---|---|
| 090 | _c0 | ||
| 001 | 12746434 | ||
| 005 | 20070126114339.0 | ||
| 008 | 020418s2002 caua 001 0 eng c | ||
| 010 | _a 2002280044 | ||
| 020 | _a007219460X | ||
| 035 | _a(OCoLC)ocm49089394 | ||
| 040 |
_aTXA _cTXA _dDLC |
||
| 042 | _apcc | ||
| 050 | 0 | 0 |
_aHF5548.32 _b.R343 2002 |
| 082 | 0 | 0 |
_a658.84 _221 _bRAI |
| 100 | 1 | _aRaina, Kapil. | |
| 245 | 1 | 0 |
_amCommerce security : _ba beginner's guide / _cKapil Raina, Anurag Harsh. |
| 260 |
_aBerkeley, Calif. : _bMcGraw-Hill/Osborne, _cc2002. |
||
| 300 |
_axxv, 467 p.: _bill. ; _c24 cm. |
||
| 440 | 0 | _aNetwork professional's library | |
| 500 | _aIncludes index | ||
| 650 | 0 |
_aElectronic commerce _xSecurity measures. |
|
| 650 | 0 |
_aMobile computing _xSecurity measures. |
|
| 700 | 1 | _aHarsh, Anurag. | |
| 856 | 4 | 2 |
_3Publisher description _uhttp://www.loc.gov/catdir/description/mh024/2002280044.html |
| 856 | 4 | 1 |
_3Table of contents _uhttp://www.loc.gov/catdir/toc/mh023/2002280044.html |
| 856 | 4 | 2 |
_3Contributor biographical information _uhttp://www.loc.gov/catdir/enhancements/fy0707/2002280044-b.html |
| 906 |
_a7 _bcbc _cpccadap _d2 _encip _f20 _gy-gencatlg |
||
| 942 |
_2ddc _cARCH |
||
| 999 |
_c10721 _d10721 |
||